000 01055nam a22003011 4500
001 29138
003 BD-RjUL
005 20211209051358.0
008 140402s1906 enkabf 000 0 eng
035 _a(BD-RjUL)29223
035 _a(OCoLC)2890028
040 _aDLC
_cTNJ
_dDLC
_dBD-RjUL
_beng
041 _aeng
082 _a942.2
_bVIC V-1 1906
245 0 4 _aThe Victoria history of Berkshire /
_ced. by P.H. Ditchfield ...and William Page.
_nVOLUME ONE
260 _aLondon :
_bA. Constable and company, limited ,
_c1906.
300 _axxv, 422 p. :
_bill. ;
_c32 cm.
490 0 _aThe Victoria history of the counties of England
650 0 _aNatural history
_zEngland
_zBerkshire.
_988959
651 0 _aBerkshire (England)
_xHistory.
_988960
651 0 _aBerkshire (England)
_xAntiquities.
_988961
700 1 _aDitchfield, P. H.
_q(Peter Hampson),
_d1854-1930,
_eed.
_988962
700 1 _aPage, William,
_d1861-1934,
_eed.
_988963
700 1 _aCope, John Hautenville,
_eed.
_988964
942 _2ddc
_cBK
999 _c29138
_d29138